Teams by clue-baseball - Statistics

General Stats
  • This quiz has been taken 25 times
  • The average score is 28 of 30
Answer Stats
Hint Team % Correct
18) Blue birds Blue Jays
100%
30) Young bears Cubs
100%
21) Huge people Giants
100%
24) Primary color Reds
100%
1) Colored socks Red Sox
100%
19) Colorado mountains Rockies
100%
12) Large striped cats Tigers
100%
6) Plain socks White Sox
100%
26) Gods messengers Angels
96%
23) Beer makers Brewers
96%
29) Small red birds Cardinals
96%
15) Long jaw sport fish Marlins
96%
7) Swashbucklers Pirates
96%
3) Texas lawmen Rangers
96%
22) Identical children Twins
96%
13) People from New England Yankees
96%
11) Space explorers Astros
91%
4) Rattlesnakes Diamondbacks
91%
25) Avoiding, hiding Dodgers
91%
10) Seafarers Mariners
91%
2) Orange & black birds Orioles
91%
20) Father or friar Padres
91%
14) Flat sea animals Rays
91%
9) Fearless Native leaders Braves
87%
27) Primary caretaker Guardians
87%
16) Metropolitans Mets
87%
5) What monarchs are Royals
87%
28) Those gifted in sports Athletics
83%
8) Those from a country Nationals
78%
17) Lover of horses Phillies
74%
No matching quizzes found
Score Distribution
Percent of People with Each Score
Percentile by Number Answered
Your Score History
You have not taken this quiz